Welcome to WEB OPAC of MRSPTU Central Library

Reinforced concrete structures (Record no. 2291)

MARC details
000 -LEADER
fixed length control field 00385nam a2200157Ia 4500
008 - FIXED-LENGTH DATA ELEMENTS--GENERAL INFORMATION
fixed length control field 230711s9999||||xx |||||||||||||| ||und||
041 ## - LANGUAGE CODE
Language code of text/sound track or separate title ENG
082 ## - DEWEY DECIMAL CLASSIFICATION NUMBER
Classification number 624
Item number SY-R
100 ## - MAIN ENTRY--PERSONAL NAME
Personal name Goel,A.K 
245 #0 - TITLE STATEMENT
Title Reinforced concrete structures
250 ## - EDITION STATEMENT
Edition statement 3rd . Ed.
260 ## - PUBLICATION, DISTRIBUTION, ETC.
Date of publication, distribution, etc. 1992
Place of publication, distribution, etc. Allahabad
Name of publisher, distributor, etc. Wheeler & Corporative
650 ## - SUBJECT ADDED ENTRY--TOPICAL TERM
Topical term or geographic name entry element Civil Engineering
700 ## - ADDED ENTRY--PERSONAL NAME
Personal name Syal,I C
942 ## - ADDED ENTRY ELEMENTS (KOHA)
Koha item type Book
Holdings
Withdrawn status Lost status Damaged status Not for loan Collection Home library Current library Date acquired Total checkouts Full call number Barcode Date last seen Price effective from Koha item type Date due Date last checked out
          MRSPTU Central Library MRSPTU Central Library     624 SY-R 9292 08/17/2023 08/17/2023 Book    
          MRSPTU Central Library MRSPTU Central Library     624 SY-R 9293 08/17/2023 08/17/2023 Book    
          MRSPTU Central Library MRSPTU Central Library   1 624 SY-R 9294 04/09/2026 08/17/2023 Book 04/30/2026 04/09/2026
          MRSPTU Central Library MRSPTU Central Library     624 SY-R 9295 08/17/2023 08/17/2023 Book    
          MRSPTU Central Library MRSPTU Central Library     624 SY-R 9526 08/17/2023 08/17/2023 Book    

Website Designed and Developed by MRSPTU Central Library Team

E-mail Id: librarian@mrsptu.ac.in